Cultura y personalidad

保存先:
書誌詳細
第一著者: Linton, Ralph (autor)
フォーマット: 図書
言語:スペイン語
出版事項: Ciudad de México Fondo de Cultura Económica 1967
版:6a. ed
シリーズ:Breviarios del Fondo de Cultura Económica, 145
主題:
タグ: タグ追加
タグなし, このレコードへの初めてのタグを付けませんか!

MARC

LEADER 00000nam a2200000 a 4500
001 UCR3449
003 CL-VaPUC
008 980124e19670000MX |||||||||||||||||spa|d
082 0 4 |a 155.8  |b LIN  |2 21 
100 |a Linton, Ralph  |e autor  |9 535733 
245 1 0 |a Cultura y personalidad 
250 |a 6a. ed 
300 |a 155 p 
942 |c BK 
945 |d 19980124 00:00:00  |a aolguin 
260 |a Ciudad de México  |b Fondo de Cultura Económica  |c 1967 
650 0 |a Personalidad   |9 307255 
650 0 |a Cultura  |9 269059 
650 0 |a Sociedad  |9 307903 
650 7 |a PARTICIPACION CULTURAL  |2 CL-VaPUC  |9 351199 
650 0 |a Antropología cultural   |9 269905 
650 7 |a ESTRUCTURA SOCIAL  |2 CL-VaPUC  |9 402340 
650 7 |a ETNOPSICOLOGIA  |2 CL-VaPUC  |9 309927 
583 |a last modification  |c 19980124 00:00:00  |k Rodrigo Vera 
490 0 |a Breviarios del Fondo de Cultura Económica, 145 
999 |c 266522  |d 266520 
952 |0 0  |1 0  |4 0  |6 155_800000000000000_LIN_1967  |7 0  |8 A  |9 298215  |a BIBGIM  |b BIBGIM  |d 2019-11-20  |i 1939866  |o 155.8 LIN 1967  |p 1939866  |r 2025-01-15  |w 2019-11-20  |y BK  |k SSL